| 000 | 01183nmc a2200409 a 4500 | ||
|---|---|---|---|
| 003 | AR-BaBNM | ||
| 005 | 20251128210518.0 | ||
| 008 | 220020s1989 ||||||||||||||000 | spa|| | ||
| 020 | _a950-643-008-X | ||
| 040 | _cAR-BaBNM | ||
| 245 | 1 | 0 | _aKusch y el pensar desde América |
| 260 |
_aBuenos Aires _bFernando García Cambeiro _c1989 |
||
| 300 |
_a196 p. _btablas, gráfs. |
||
| 490 | 0 |
_aEstudios latinoamericanos _vv. 36 |
|
| 500 | _aContiene referencias bibliográficas | ||
| 650 | 4 | _aSOCIOLOGIA CULTURAL | |
| 650 | 4 | _aANTROPOLOGIA CULTURAL Y SOCIAL | |
| 650 | 4 | _aETNOLOGIA | |
| 650 | 4 | _aCOSTUMBRES Y TRADICIONES | |
| 650 | 4 | _aFOLKLORE | |
| 650 | 4 | _aHISTORIA AMERICANA | |
| 650 | 4 | _aESTUDIOS CULTURALES | |
| 650 | 4 | _aIDENTIDAD CULTURAL | |
| 650 | 4 | _aPSICOLOGIA SOCIAL | |
| 653 | _aCULTURAS PRECOLOMBINAS | ||
| 700 | 1 |
_aAzcuy, Eduardo A. _ecompilador |
|
| 700 | 1 | _aGonzález Gazquéz, G. | |
| 700 | 1 | _aHaber, A. | |
| 700 | 1 | _aMareque, E. | |
| 700 | 1 | _aScannone, J.C. | |
| 700 | 1 | _aMaturo, Graciela | |
| 700 | 1 | _aBordas de Rojas Paz, Nerva | |
| 700 | 1 | _aKusch, Rodolfo | |
| 800 | 1 |
_aMaturo, Graciela _edirector |
|
| 942 | _cBK | ||
| 998 | _cMariana | ||
| 999 |
_c15747 _d15747 |
||